000 00757nam a2200181Ia 4500
008 151202s9999||||xx |||||||||||||| ||und||
082 _bPNVM-69670
100 _aसंपा- कोठावळे अशोक केशव.
245 _a"ललित - जाने,फेब्रु,एप्रिल,जून 2010."
260 _b---
260 _c69670
300 _a0
600 _aसंपा- कोठावळे अशोक केशव.
630 _a"ललित - जाने,फेब्रु,एप्रिल,जून 2010."
700 _aसंपा- कोठावळे अशोक केशव.
730 _a"ललित - जाने,फेब्रु,एप्रिल,जून 2010."
942 _cBOOK
999 _c1336180
_d1336177